Puchar Azji AFC - TOP 4 - Statystyki

Ogólne statystyki
  • Ten quiz został rozwiązany 84 razy
  • Średni wynik to 14 z 21
Statystyki odpowiedzi
Największe osiągnięcie Reprezentacja % Poprawnych
Mistrzostwo Arabia Saudyjska
97%
Finał Chiny
96%
Mistrzostwo Japonia
96%
Mistrzostwo Katar
90%
Mistrzostwo Korea Południowa
90%
Mistrzostwo Iran
89%
Mistrzostwo Irak
86%
Finał Indie
80%
4 miejsce Korea Północna
80%
Finał ZEA
77%
Mistrzostwo Australia
76%
4 miejsce Uzbekistan
64%
3 miejsce Tajlandia
63%
Mistrzostwo Izrael
57%
Mistrzostwo Kuwejt
53%
4 miejsce Bahrajn
50%
3 miejsce Tajwan
41%
4 miejsce Kambodża
40%
Finał Mjanma
36%
3 miejsce Hongkong
19%
4 miejsce Wietnam Południowy
7%
Nie znaleziono quizów pasujących do podanych kryteriów
Rozkład punktacji
Procent ludzi z każdym wynikiem
Percentyl według liczby udzielonych odpowiedzi
Twoja historia wyników
Nie rozwiązałeś tego quizu